Statistics for Dog breeds

Click here to take the quiz!

General Stats

  • This quiz has been taken 22 times
  • The average score is 12 of 15

Answer Stats

Answer% Correct
Labrador retriever
100%
Siberian husky
100%
Boxer
94%
Corgi
94%
Pitbull
88%
Pomeranian
88%
Basset hound
82%
French bulldog
82%
Golden retriever
82%
English bulldog
76%
Poodle
76%
Yorkshire terrier
76%
German Shepard
71%
Jack russel terrier
65%
westie
29%

Score Distribution

Percentile by Number Answered

Percent of People with Each Score

Your Score History

You have not taken this quiz